[Event "86th YMCA Winter-A"]
[Site "Warszawa"]
[Date "2011.03.24"]
[Round "12"]
[White "Michniewski, Tomasz"]
[Black "Gasik, Piotr"]
[Result "1-0"]
[WhiteElo "2166"]
[BlackElo "2106"]
[PlyCount "43"]
[EventDate "2011.01.06"]
[EventType "tourn"]
[EventRounds "1"]
[EventCountry "POL"]
[SourceDate "2011.01.06"]

1. d4 c5 2. d5 e5 3. e4 d6 4. Nc3 Be7 5. Nf3 Na6 6. Bb5+ Kf8 7. O-O Nc7 8. Be2
a6 9. a4 b6 10. Be3 Rb8 11. Nd2 Bg5 12. Bxg5 Qxg5 13. f4 exf4 14. Nc4 Ne8 15.
Qd2 f6 16. Rxf4 Ne7 17. Raf1 Kg8 18. h4 Qh6 19. h5 g5 20. R4f2 b5 21. axb5 axb5
22. Nxd6 1-0

[Event "86th YMCA Winter-A"]
[Site "Warszawa"]
[Date "2011.03.24"]
[Round "12"]
[White "Kasperkiewicz, Pawel"]
[Black "Jozwik, Jacek"]
[Result "1/2-1/2"]
[WhiteElo "2128"]
[BlackElo "2050"]
[Annotator "M"]
[PlyCount "80"]
[EventDate "2011.01.06"]
[EventType "tourn"]
[EventRounds "1"]
[EventCountry "POL"]
[SourceDate "2011.01.06"]

1. e4 e6 2. d4 d5 3. Nc3 Bb4 4. e5 c5 5. a3 Bxc3+ 6. bxc3 Ne7 7. h4 Nbc6 8. Nf3
Qa5 9. Bd2 cxd4 10. cxd4 Qa4 11. Bc3 b6 12. h5 Ba6 13. h6 gxh6 14. Bxa6 Qxa6
15. Rxh6 Rc8 16. Qd2 Qc4 17. Bb2 Na5 18. Rc1 Qa2 19. Bc3 Nc4 20. Qd3 Nxa3 21.
Nd2 Nf5 22. Rh3 Rg8 23. Ke2 Nxc2 24. Rxc2 Qxc2 25. Qxc2 Nxd4+ 26. Bxd4 Rxc2 27.
Rxh7 Rxg2 28. Rh8+ Kd7 29. Rf8 Rg4 30. Be3 Ke7 31. Ra8 Rc7 32. Nf3 Rb4 33. Nd4
f6 34. exf6+ Kxf6 35. Re8 Rb2+ 36. Kf3 e5 37. Re6+ Kf7 38. Rxe5 a5 39. Rf5+ Kg6
40. Rxd5 a4 $11 1/2-1/2

[Event "86th YMCA Winter-A"]
[Site "Warszawa"]
[Date "2011.03.22"]
[Round "12"]
[White "Zurkowski, Andrzej"]
[Black "Choroszej, Aleksander"]
[Result "1/2-1/2"]
[WhiteElo "2138"]
[BlackElo "2074"]
[Annotator "M"]
[PlyCount "92"]
[EventDate "2011.01.06"]
[EventType "tourn"]
[EventRounds "1"]
[EventCountry "POL"]
[SourceDate "2011.01.06"]

1. d4 g6 2. e4 Bg7 3. Be3 d6 4. Bc4 Nf6 5. Nc3 O-O 6. Nge2 Nxe4 7. Bxf7+ Rxf7
8. Nxe4 d5 9. Ng5 Rf8 10. Qd2 c5 11. h4 e5 12. dxe5 d4 13. Bf4 Nc6 14. h5 h6
15. Ne4 g5 16. Bg3 Nxe5 17. Nxc5 Qd5 18. Bxe5 Bxe5 19. Nd3 Bg7 20. O-O Bf5 21.
Ng3 Bh7 22. b3 Rac8 23. Rae1 Rf7 24. f4 gxf4 25. Rxf4 Qg5 26. Ne4 Bxe4 27.
Rexe4 Qxh5 28. Rg4 Rcf8 29. Qe2 Rf1+ 30. Qxf1 Rxf1+ 31. Kxf1 Qh1+ 32. Kf2 Qd1
33. Re2 Kh7 34. Rf4 h5 35. Rf7 Kg6 36. Rxb7 Bf6 37. Nf4+ Kf5 38. Nxh5 Bh4+ 39.
g3 Bg5 40. Ng7+ Kg4 41. Rb4 Be3+ 42. Rxe3 Qd2+ 43. Re2 Qxb4 44. Ne6 Qc3 45.
Re4+ Kf5 46. Re2 Kg4 $11 1/2-1/2

[Event "86th YMCA Winter-A"]
[Site "Warszawa"]
[Date "2011.03.24"]
[Round "12"]
[White "Grochulski, Grzegorz"]
[Black "Szymczak, Rafal"]
[Result "0-1"]
[WhiteElo "2046"]
[BlackElo "2089"]
[Annotator "M"]
[PlyCount "70"]
[EventDate "2011.01.06"]
[EventType "tourn"]
[EventRounds "1"]
[EventCountry "POL"]
[SourceDate "2011.01.06"]

1. c4 f5 2. g3 Nf6 3. Bg2 g6 4. Nf3 Bg7 5. d4 O-O 6. b4 d5 7. Nbd2 Ne4 8. Bb2
c6 9. a4 Nd7 10. O-O e6 11. Qb3 Nxd2 12. Nxd2 Nf6 $11 13. Rfc1 Bd7 14. Rc2 g5
15. Rac1 Qe8 16. b5 Ne4 17. Qd3 Nxd2 18. Qxd2 Qh5 19. Qa5 Rf7 20. bxc6 bxc6 21.
cxd5 cxd5 22. Qa6 Rf6 23. Rc7 Qe8 24. Rxa7 Rxa7 25. Qxa7 Bxa4 26. Rc7 Bf8 27.
Rxh7 Bb5 28. e3 f4 29. Rb7 fxe3 30. fxe3 Qh5 31. Qa1 Qe2 32. Bh3 Qxe3+ 33. Kh1
Bd3 34. Qc1 Be4+ 35. Bg2 Qxc1+ 0-1

[Event "86th YMCA Winter-A"]
[Site "Warszawa"]
[Date "2011.03.24"]
[Round "12"]
[White "Alvarado, Carlos"]
[Black "Olejarczyk, Bogdan"]
[Result "1-0"]
[WhiteElo "2190"]
[BlackElo "2104"]
[PlyCount "119"]
[EventDate "2011.01.06"]
[EventType "tourn"]
[EventRounds "1"]
[EventCountry "POL"]
[SourceDate "2011.01.06"]

1. d4 d5 2. Nf3 Nf6 3. c4 c6 4. e3 Bf5 5. Nc3 e6 6. Nh4 Bg6 7. Qb3 Qc7 8. h3
Nbd7 9. g4 Be4 10. Nxe4 Nxe4 11. Bg2 Qa5+ 12. Ke2 Be7 13. Bxe4 Bxh4 14. cxd5
exd5 15. Bf5 Qa6+ 16. Bd3 Qb6 17. Qc2 O-O-O 18. Bd2 Rde8 19. Qa4 Bd8 20. Rhc1
Kb8 21. Rc3 Qa5 22. Qc2 Qc7 23. b4 Bh4 24. b5 c5 25. b6 axb6 26. Bb5 c4 27. Qf5
Nf6 28. Bxe8 g6 29. Qe5 Rxe8 30. Qxc7+ Kxc7 31. f3 Bg3 32. a4 Ra8 33. Rcc1 Kd7
34. g5 Nh5 35. Rcb1 Bc7 36. Be1 Re8 37. Kd2 Kc6 38. Bf2 f5 39. gxf6 Nxf6 40.
Ra2 Ra8 41. Bh4 Nh5 42. Kc3 Rf8 43. Rf1 Re8 44. Re1 b5 45. axb5+ Kxb5 46. Kc2
Ba5 47. Rb1+ Ka6 48. Be1 b6 49. Bxa5 bxa5 50. Kd2 Rf8 51. f4 Ng3 52. Rba1 Ne4+
53. Kc2 g5 54. Rxa5+ Kb6 55. Rxd5 gxf4 56. Re5 Nf2 57. exf4 Nxh3 58. f5 h5 59.
Kc3 h4 60. Rh1 1-0

[Event "86th YMCA Winter-A"]
[Site "Warszawa"]
[Date "2011.03.23"]
[Round "12"]
[White "Krasiewicz, Robert"]
[Black "Kaczorowski, Piotr"]
[Result "0-1"]
[WhiteElo "2057"]
[BlackElo "2117"]
[PlyCount "86"]
[EventDate "2011.01.06"]
[EventType "tourn"]
[EventRounds "1"]
[EventCountry "POL"]
[SourceDate "2011.01.06"]

1. d4 Nf6 2. c4 g6 3. Nc3 d5 4. Bg5 Ne4 5. Bf4 Nxc3 6. bxc3 Bg7 7. e3 O-O 8.
Nf3 c5 9. Qb3 cxd4 10. exd4 dxc4 11. Bxc4 Nc6 12. Qb5 a6 13. Qc5 Qa5 14. Qxa5
Nxa5 15. Bd3 Be6 16. O-O Rac8 17. Rfc1 Rfd8 18. Ng5 Bc4 19. Bxc4 Nxc4 20. Rab1
b5 21. Ne4 Rd5 22. Re1 e5 23. dxe5 Nxe5 24. Red1 Nd3 25. Bg5 Rc6 26. a4 f5 27.
axb5 axb5 28. c4 Rxc4 29. Nf6+ Bxf6 30. Bxf6 Kf7 31. Ba1 b4 32. g3 Ke6 33. Rb3
Nc5 34. Re3+ Re4 35. Rde1 Rd3 36. Rxe4+ fxe4 37. Kg2 Kd5 38. Re2 Nb3 39. Bf6
Nd4 40. Ra2 b3 41. Ra5+ Kc4 42. Ra7 b2 43. Rb7 Rb3 0-1

[Event "86th YMCA Winter-A"]
[Site "Warszawa"]
[Date "2011.03.24"]
[Round "12"]
[White "Kielar, Maciej"]
[Black "Nowicki, Bartosz"]
[Result "0-1"]
[WhiteElo "2101"]
[BlackElo "2119"]
[PlyCount "86"]
[EventDate "2011.01.06"]
[EventType "tourn"]
[EventRounds "1"]
[EventCountry "POL"]
[SourceDate "2011.01.06"]

1. Nf3 f5 2. c4 Nf6 3. b3 e6 4. Bb2 d5 5. e3 Bd6 6. cxd5 exd5 7. Be2 O-O 8. Ne5
Qe7 9. d4 Nbd7 10. f4 Bb4+ 11. Bc3 Ne4 12. Bxb4 Qxb4+ 13. Kf1 Ndf6 14. a3 Qe7
15. Bf3 b6 16. g3 Ba6+ 17. Kg2 c5 18. Bxe4 dxe4 19. Nc3 Rac8 20. d5 Rfd8 21.
Ra2 b5 22. Rd2 Qd6 23. Re1 b4 24. axb4 cxb4 25. Ne2 Nxd5 26. Nd4 Rc3 27. Kf2
Ne7 28. Ndf3 Bd3 29. Ng5 Rf8 30. h4 Nc6 31. Nc4 Qe7 32. Nb2 Rd8 33. Na4 h6 34.
Nf3 Qf7 35. Nxc3 bxc3 36. Ra2 exf3 37. Qxf3 Qxb3 38. Rea1 Be4 39. Qe2 c2 40.
Ra6 Qc3 41. R1a3 c1=Q 42. Rxc3 Qxc3 43. Kg1 Qc1+ 0-1

[Event "86th YMCA Winter-A"]
[Site "Warszawa"]
[Date "2011.03.31"]
[Round "13"]
[White "Nowicki, Bartosz"]
[Black "Michniewski, Tomasz"]
[Result "1/2-1/2"]
[WhiteElo "2119"]
[BlackElo "2166"]
[Annotator "M"]
[PlyCount "59"]
[EventDate "2011.01.06"]
[EventType "tourn"]
[EventRounds "1"]
[EventCountry "POL"]
[SourceDate "2011.01.06"]

1. e4 c5 2. Nf3 a6 3. c3 d6 4. d4 cxd4 5. cxd4 g6 6. Nc3 Bg7 7. Be2 Nf6 8. O-O
O-O 9. h3 b5 10. e5 dxe5 11. dxe5 Nfd7 12. Bf4 Nc6 13. Qd5 Ndxe5 14. Nxe5 Qxd5
15. Nxd5 Nxe5 16. Nxe7+ Kh8 17. Bxe5 Bxe5 18. Bf3 Be6 19. Bxa8 Rxa8 20. Rad1
Bxb2 21. Nd5 Rc8 22. Rd2 Bg7 23. Rfd1 Bh6 24. Ne3 Kg7 25. Kf1 Bxe3 26. fxe3 Rc3
27. Kf2 Ra3 28. Rb1 Kf6 29. Rbb2 h5 30. h4 $11 1/2-1/2

[Event "86th YMCA Winter-A"]
[Site "Warszawa"]
[Date "2011.03.19"]
[Round "13"]
[White "Kaczorowski, Piotr"]
[Black "Kielar, Maciej"]
[Result "0-1"]
[WhiteElo "2117"]
[BlackElo "2101"]
[PlyCount "98"]
[EventDate "2011.01.06"]
[EventType "tourn"]
[EventRounds "1"]
[EventCountry "POL"]
[SourceDate "2011.01.06"]

1. Nf3 g6 2. g3 Bg7 3. d4 c5 4. Bg2 cxd4 5. Nxd4 Nc6 6. Nb3 Nf6 7. c4 O-O 8.
O-O d6 9. Nc3 Be6 10. Nd5 Rc8 11. Bg5 Bxd5 12. cxd5 Ne5 13. Rc1 Qd7 14. Qd4 h6
15. Bd2 Qb5 16. Rxc8 Rxc8 17. Rc1 Rxc1+ 18. Nxc1 Nc4 19. b3 Nxd2 20. Qxd2 Qc5
21. e3 Nd7 22. Nd3 Qc7 23. h4 a5 24. Bf3 b5 25. Kg2 b4 26. Bg4 Nf6 27. Bf3 Ne8
28. h5 g5 29. Qe2 Qc3 30. g4 Nc7 31. Be4 Nb5 32. Qf3 Qf6 33. Bf5 Nc3 34. Nb2
Nxa2 35. Nc4 a4 36. bxa4 Qc3 37. Qe4 b3 38. a5 Nb4 39. Nb2 Na6 40. Na4 Qxa5 41.
Qc4 b2 42. Qc8+ Bf8 43. Nxb2 Qxd5+ 44. e4 Qb5 45. Nc4 Nc5 46. Ne3 e6 47. Bh7+
Kg7 48. Nf5+ exf5 49. gxf5 Nxe4 0-1

[Event "86th YMCA Winter-A"]
[Site "Warszawa"]
[Date "2011.03.30"]
[Round "13"]
[White "Olejarczyk, Bogdan"]
[Black "Krasiewicz, Robert"]
[Result "0-1"]
[WhiteElo "2104"]
[BlackElo "2057"]
[PlyCount "80"]
[EventDate "2011.01.06"]
[EventType "tourn"]
[EventRounds "1"]
[EventCountry "POL"]
[SourceDate "2011.01.06"]

1. d4 f5 2. Nf3 Nf6 3. c4 g6 4. g3 Bg7 5. b4 d6 6. Bg2 e5 7. dxe5 dxe5 8. Qxd8+
Kxd8 9. Bb2 e4 10. Ng5 Ke7 11. h4 h6 12. Nh3 Kf7 13. Nd2 Rd8 14. O-O-O Na6 15.
a3 Bd7 16. Nf1 Ba4 17. Rxd8 Rxd8 18. Ne3 c6 19. Nf4 Nc7 20. Be5 Ne6 21. Nxe6
Kxe6 22. Bc3 b5 23. c5 h5 24. Nc2 Bh6+ 25. e3 Bxc2 26. Kxc2 Ng4 27. a4 Nxf2 28.
Ra1 a6 29. axb5 axb5 30. Ra6 Kd5 31. Bd4 Nd3 32. Kc3 Ne1 33. Bf1 Nf3 34. Bf6
Rd7 35. Be2 Bxe3 36. Bd1 Bd4+ 37. Bxd4 Nxd4 38. Ra8 Ke5 39. Re8+ Kf6 40. Kd2
Nf3+ 0-1

[Event "86th YMCA Winter-A"]
[Site "Warszawa"]
[Date "2011.03.30"]
[Round "13"]
[White "Szymczak, Rafal"]
[Black "Alvarado, Carlos"]
[Result "1/2-1/2"]
[WhiteElo "2089"]
[BlackElo "2190"]
[Annotator "M"]
[PlyCount "35"]
[EventDate "2011.01.06"]
[EventType "tourn"]
[EventRounds "1"]
[EventCountry "POL"]
[SourceDate "2011.01.06"]

1. f4 d5 2. g3 g6 3. Bg2 Bg7 4. d3 Nh6 5. Nf3 d4 6. c3 Nc6 7. cxd4 Nxd4 8. Nxd4
Qxd4 9. e3 Qb6 10. Nc3 O-O 11. O-O c6 12. d4 Be6 13. b3 Rfd8 14. Na4 Qc7 15.
Bb2 Nf5 16. Qe2 h5 17. Rfd1 Nd6 18. h3 $11 1/2-1/2

[Event "86th YMCA Winter-A"]
[Site "Warszawa"]
[Date "2011.02.22"]
[Round "13"]
[White "Choroszej, Aleksander"]
[Black "Grochulski, Grzegorz"]
[Result "1/2-1/2"]
[WhiteElo "2074"]
[BlackElo "2046"]
[Annotator "M"]
[PlyCount "66"]
[EventDate "2011.01.06"]
[EventType "tourn"]
[EventRounds "1"]
[EventCountry "POL"]
[SourceDate "2011.01.06"]

1. d4 d6 2. Nf3 Nf6 3. c4 g6 4. Nc3 Bg7 5. e4 O-O 6. Be2 e5 7. O-O Nc6 8. d5
Ne7 9. b4 a5 10. Ba3 axb4 11. Bxb4 b6 12. a4 Ne8 13. Re1 f5 14. Ng5 h6 15. Ne6
Bxe6 16. dxe6 Nc6 17. Nd5 Nf6 18. Bf3 Nxd5 19. Qxd5 Nxb4 20. e7+ Nxd5 21.
exd8=Q Rfxd8 22. cxd5 Ra5 23. Rec1 Rda8 24. Rxc7 Rxa4 25. Rxa4 Rxa4 26. Kf1 b5
27. Rb7 Rb4 28. Ke1 Rb2 29. Be2 b4 30. Bd3 f4 31. Bb5 b3 32. Be2 Rb1+ 33. Bd1
Rb2 $11 1/2-1/2

[Event "86th YMCA Winter-A"]
[Site "Warszawa"]
[Date "2011.03.31"]
[Round "13"]
[White "Jozwik, Jacek"]
[Black "Zurkowski, Andrzej"]
[Result "1-0"]
[WhiteElo "2050"]
[BlackElo "2138"]
[PlyCount "67"]
[EventDate "2011.01.06"]
[EventType "tourn"]
[EventRounds "1"]
[EventCountry "POL"]
[SourceDate "2011.01.06"]

1. d4 g6 2. c4 Bg7 3. Nc3 d6 4. Nf3 c6 5. e4 Qc7 6. h3 Nd7 7. Be3 Ngf6 8. Be2
e5 9. d5 O-O 10. g4 a6 11. b4 cxd5 12. Nxd5 Nxd5 13. cxd5 a5 14. Rc1 Qd8 15.
Qa4 Nf6 16. Nd2 Bd7 17. b5 h6 18. Nc4 Ra6 19. Qb3 Ra8 20. Nxd6 Bxg4 21. Nxb7
Qe7 22. hxg4 Qxb7 23. f3 h5 24. g5 Nd7 25. Kd2 Rfc8 26. Rc6 Bf8 27. Rhc1 Bb4+
28. Kd1 h4 29. Qc4 Rd8 30. Rc7 Qb8 31. Qc6 Nf8 32. b6 h3 33. b7 Ra7 34. Qf6 1-0

[Event "86th YMCA Winter-A"]
[Site "Warszawa"]
[Date "2011.03.31"]
[Round "13"]
[White "Gasik, Piotr"]
[Black "Kasperkiewicz, Pawel"]
[Result "1-0"]
[WhiteElo "2106"]
[BlackElo "2128"]
[PlyCount "99"]
[EventDate "2011.01.06"]
[EventType "tourn"]
[EventRounds "1"]
[EventCountry "POL"]
[SourceDate "2011.01.06"]

1. c4 Nf6 2. Nf3 e6 3. Nc3 d5 4. cxd5 exd5 5. d4 c6 6. Qc2 Be7 7. Bg5 Nbd7 8.
e3 Nf8 9. Be2 Ne6 10. Bh4 g6 11. O-O O-O 12. Bxf6 Bxf6 13. b4 a6 14. a4 Qd6 15.
Qb3 Rd8 16. Rfd1 Bg7 17. Ne1 f5 18. f4 g5 19. g3 Kh8 20. Nf3 gxf4 21. exf4 Bd7
22. Ne5 Rf8 23. Bf3 Be8 24. Ne2 Nc7 25. Nc1 Qh6 26. Re1 Bh5 27. Bg2 Ne6 28. Qe3
Rfe8 29. Ncd3 Bf8 30. Rab1 Bd6 31. Nc5 Re7 32. Qd3 Qf6 33. Re3 Nf8 34. Rbe1
Rae8 35. Bh3 Bg6 36. Qb1 Kg8 37. Qb2 Bb8 38. b5 axb5 39. axb5 Ba7 40. bxc6 bxc6
41. Bg2 Kh8 42. Qe2 Qd6 43. Nf7+ Rxf7 44. Rxe8 Bxc5 45. dxc5 Qxc5+ 46. Kh1 Qd6
47. Rc8 Qd7 48. Qe8 Kg8 49. Qxd7 Rxd7 50. Rxc6 1-0